000 00324nam a22001457a 4500
005 20180412143132.0
008 160624b xxu||||| |||| 00| 0 eng d
041 _aeng
082 _b9734
_a348
245 _aContract Labour Act 1970
260 _bLaw Point
_c2006
300 _a93
650 _aManagement
_9241
942 _cBK
999 _c3785
_d3784